01164nam a2200253 i 450000100060000000300090000600500170001500700030003200800410003502000180007608000200009410000420011424500440015625000120020026000370021230000220024949000450027152003610031683000530067785200330073094200080076399900170077195201220078891884ES-MaACL20250415063059.0t|050225s2004 sp ||||1| spa d a84-08-05673-5 a821.134.2-4"19"1 aZambrano, María,d1904-1991911791410aClaros del bosque / cMaría Zambrano. a1ª ed. aMadrid : bEspasa Calpe, c2004. a159 p. ; c18 cm.1 aEnsayo del siglo XX en lengua castellana a"Claros del bosque" (1977) es todo un monumento filosófico-poético, uno de los libros fundamentales de la historia reciente del pensamiento. En él, María Zambrano (1904-1991) sumerge al lector en un sentir primigenio, anterior a todo tiempo, al que el temible Cronos no tiene acceso y donde se recobra un paraíso perdido, una visión primordial.0 aEnsayo del siglo XX en lengua castellana9227213 aES-MaACLjL-28928 bR.135231 2udc c91884d91884 00104070aATENEOMbATENEOMcDEPO2d2008-01-17eSCl0oL-28928p1095935r2023-02-23 00:00:00w2023-02-23yMONOGRAFIA